Reálne predstavy dospeli do cieľa

Bibliographic Details
Main Authors: Ižáková, Viera, 1943- (Author), Pichlerová, Eva (Author)
Format: Article
Language:Slovak
ISSN:0862-9567
Subjects:

MARC

LEADER 00000nab a2200000 a 4500
001 vtls000534548
003 SK-MaSNL
005 20260303202354.0
008 140228c1994 xo 0 slo
015 |a SNBRB19rr/mm-uuuuu 
035 |a CL0534686 
040 |a SNKBUCL  |b slo  |c SNKBUCL  |e AACR2 
041 0 |a slo 
044 |a xo  |c SK 
080 |a 338.43:061.62(437.6)  |2 1981 
100 1 |a Ižáková, Viera,  |d 1943-  |4 aut  |9 213752 
245 1 0 |a Reálne predstavy dospeli do cieľa  |c Viera Ižáková, Eva Pichlerová 
610 2 7 |a Výskumný ústav ekonomiky poľnohospodárstva a potravinárstva (Bratislava, Slovensko)  |2 snkbucl  |9 32788 
655 7 |a články z novín a časopisov  |2 snkbucl  |9 267496 
700 1 |a Pichlerová, Eva  |4 aut  |9 267229 
773 0 |t Hospodárske noviny  |g Č. 230 (30. 11. 1994), s. 4  |x 0862-9567 
850 |a Slovenská národná knižnica v Martine  |a MTA001 
852 |a SNK  |b KIS3GCP 
958 |a RK 
992 |a RBX 
999 |c 2179208  |d 2181138